Top1 w SoR: Single & Average - Statystyki

Ogólne statystyki
  • Ten quiz został rozwiązany 27 razy
  • Średni wynik to 32 z 49
Statystyki odpowiedzi
imię nazwisko start_str % Poprawnych
Magdalena Pabisz 2022-02-13
100%
Magdalena Pabisz 2024-02-04
100%
Magdalena Pabisz 2024-05-12
100%
Magdalena Pabisz 2024-05-25
100%
Magdalena Pabisz 2024-08-25
100%
Magdalena Pabisz 2024-12-01
100%
Magdalena Pabisz 2021-07-25
100%
Magdalena Pabisz 2025-02-23
100%
Magdalena Pabisz 2025-10-26
100%
Tomasz Pietruszka 2025-08-03
89%
Tomasz Pietruszka 2024-12-01
89%
Tomasz Pietruszka 2025-10-05
89%
Michał Halczuk 2009-02-01
74%
Michał Halczuk 2010-09-19
74%
Michał Halczuk 2009-02-01
74%
Michał Pleskowicz 2010-08-29
74%
Michał Pleskowicz 2010-10-03
74%
Michał Pleskowicz 2013-12-21
74%
Zbigniew Zborowski 2003-08-24
74%
Zbigniew Zborowski 2004-08-08
74%
Łukasz Burliga 2018-08-19
67%
Łukasz Burliga 2018-08-19
67%
Karol Zakrzewski 2019-09-01
63%
Karol Zakrzewski 2021-07-04
63%
Karol Zakrzewski 2021-08-29
63%
Grzegorz Łuczyna 2006-09-17
59%
Grzegorz Łuczyna 2008-06-07
59%
Grzegorz Łuczyna 2008-08-30
59%
Grzegorz Łuczyna 2006-09-17
59%
Piotr Kózka 2008-02-24
59%
Piotr Kózka 2008-07-13
59%
Antoni Stojek 2025-09-28
56%
Michał Krasowski 2020-09-13
48%
Michał Krasowski 2021-07-11
48%
Kajetan Opach 2023-08-13
44%
Kajetan Opach 2024-03-24
44%
Kajetan Opach 2024-05-19
44%
Kajetan Opach 2024-07-07
44%
Kajetan Opach 2024-09-15
44%
Wojciech Szatanowski 2014-06-01
44%
Marcin Zalewski 2014-02-23
41%
Marcin Zalewski 2013-11-16
41%
Piotr Serbeński 1982-06-05
41%
Wojciech Knott 2014-06-29
37%
Wojciech Knott 2018-02-18
37%
Wojciech Knott 2014-01-18
37%
Bartłomiej Owczarek 2017-11-19
33%
Bartłomiej Owczarek 2018-06-24
33%
Kamil Zieliński 2008-08-16
4%
Nie znaleziono quizów pasujących do podanych kryteriów
Rozkład punktacji
Procent ludzi z każdym wynikiem
Percentyl według liczby udzielonych odpowiedzi
Twoja historia wyników
Nie rozwiązałeś tego quizu